Las milicias valencianas desde el siglo XIII al XV (Record no. 123234)
[ view plain ]
| 000 -LEADER | |
|---|---|
| campo de control de longitud fija | 00541nam a2200157 4500 |
| 001 - NÚMERO DE CONTROL | |
| campo de control | 123234 |
| 003 - IDENTIFICADOR DE NÚMERO DE CONTROL | |
| campo de control | ES-MaACL |
| 005 - FECHA Y HORA DE LA ÚLTIMA TRANSACCIÓN | |
| campo de control | 20230906192133.0 |
| 007 - CAMPO FIJO DE DESCRIPCIÓN FÍSICA--INFORMACIÓN GENERAL | |
| campo de control de longitud fija | t| |
| 008 - DATOS DE LONGITUD FIJA--INFORMACIÓN GENERAL | |
| campo de control de longitud fija | 070214s1935 sp r ||||0| spa d |
| 100 1# - ENTRADA PRINCIPAL--NOMBRE DE PERSONA | |
| Nombre de persona | Querol y Roso, Luis. |
| 9 (RLIN) | 94552 |
| 245 14 - MENCIÓN DEL TÍTULO | |
| Título | Las milicias valencianas desde el siglo XIII al XV |
| Resto del título | : contribución al estudio de la organización militar del antiguo Reino de Valencia / |
| Mención de responsabilidad, etc. | Luis Querol y Roso. |
| 260 ## - PUBLICACIÓN, DISTRIBUCIÓN, ETC. | |
| Lugar de publicación, distribución, etc. | Castellón de la Plana : |
| Nombre del editor, distribuidor, etc. | Mialfo, |
| Fecha de publicación, distribución, etc. | 1935. |
| 300 ## - DESCRIPCIÓN FÍSICA | |
| Extensión | 235 p ; |
| Dimensiones | 21 cm. |
| 852 ## - LOCALIZACIÓN | |
| Ubicación | ES-MaACL |
| Número de control de estantería | A-3553 |
| Estatus retirado | Estado de pérdida | Estado de daño | No para préstamo | Biblioteca de origen | Biblioteca actual | Ubicación en estantería | Fecha de adquisición | Fuente de adquisición | Total de préstamos | Signatura topográfica completa | Código de barras | Visto por última vez | Precio de reemplazo | Tipo de ítem Koha |
|---|---|---|---|---|---|---|---|---|---|---|---|---|---|---|
| Biblioteca del Ateneo de Madrid | Biblioteca del Ateneo de Madrid | Sala Pecera Planta 1 | 17/01/2008 | A-3553 | 1128406 | 23/02/2023 | 23/02/2023 | Libro impreso |
